Регионална библиотека "Любен Каравелов" - Русе

Manuel complet de médecine légale ou Résumé des meilleurs ouvrages publiés à ce jour sur cette matière et des jugements et arrêts les plus récents (Запис номер 417244)

MARC детайли
000 -Лидер
Контролно поле с фиксирана дължина nam a22 a 4500
003 - Код на организацията, давaща контролен номер
Контролно поле BLK
005 - Дата и час на последна редакция
Контролно поле 20221208031106.0
008 - Елементи от данни с фиксирана дължина
fixed length control field 210601b bu |||||r|||| 00| | bu d
040 ## - Източник на каталожния запис
Идентификатор на билиотеката - собственик на записа BLK
041 ## - Код за език
Код за езика на текст/звукозапис или на отделно заглавие Френски
Код за езика КДБФ Френски
080 ## - УДК
Текстов определител УДК Медицина
УДК код - определител по УДК 61
УДК определител : 34
УДК - код + определител 61: 34
100 ## - Редна дума - Автор
R(LIN) 1299
Автор Briand, Joseph
Авторска отговорност първи автор
139 ## - Редно поле
Редна дума Briand, Joseph
245 ## - Сведения за заглавието
Заглавие Manuel complet de médecine légale ou Résumé des meilleurs ouvrages publiés à ce jour sur cette matière et des jugements et arrêts les plus récents
Редно поле (дума) J Briand; Ernest Chaudé; J Bouis
Том Т. 2
250 ## - Област на изданието
Сведения за изданието 10. éd
260 ## - Област на издателските данни
9 (RLIN) 217409
Място на издаване, разпространение и проч. Paris
Име на издателя, разпространителя и проч. Libr. J.-B. Bailliere et Fils
Година на издаване 1880
300 ## - Физическа характеристика
Размери/Мащаб 26 см
380 ## - Жанр
Жанр Медицина
490 ## - СЕРИИ (Колекции)
9 (RLIN) 435080
Име на серия Колекция Редки и ценни издания
650 #7 - Допълнително описание по предмет – тема
9 (RLIN) 172903
Основно описание – тема или топоним Съдебна медицина
653 #7 - Ключова дума – ненормативна
9 (RLIN) 197808
Ключова дума съдебна медицина
653 #7 - Ключова дума – ненормативна
9 (RLIN) 195943
Ключова дума ръководства
700 ## - Други автори (авторска отговорност)
Лично име Chaudé,Ernest
Автороска отговорност (Описва отношението между автора и произведението) съавт.
9 (RLIN) 1445
760 ## - Описание на основната серия
Страници - том 906 с.
Част - том Т. 2
852 ## - Местоположение
Форматна сигнатура Рф 880
Фондова буква Редки и ценни
999 ## - СИСТЕМНИ КОНТРОЛНИ НОМЕРА
Koha biblionumber 417244
Koha biblioitemnumber 417244
942 ## - АРТИКУЛИ
Вид на библиотечния материал Книги
Скрит в OPAC Не
Периодичен библиозапис Да
944 ## - СЪЗДАВАНЕ И РЕДАКЦИЯ на ЗАПИСА
Създаване/Редакция Създаване
Дата на регистрацията/редакция 2021-06-01
Служител, извършил регистрацията/редакцията Христина Везирева
999 ## - СИСТЕМНИ КОНТРОЛНИ НОМЕРА
Koha biblioitemnumber 417243
Наличности
Код за отписване Код за изгубен артикул Източник на класификационната схема Код за повреда Коз за рестрикции Код за отдаване Артикулен № Име на библиотеката - собственик Име на библиотеката, в която се намира в момента Статус (Текущо местоположение) Дата на вписване в системата Местоположение - отдел Цена в лева Инвентарен номер Систематично азбучна сигнатура Баркод Цена в евро Служебен тип на артикула
  Не е изгубен Universal Decimal Classification Не е повреден само за читалня Специални фондове ( старопечатни, редки и ценни, фонд М. Арнаудов) 854877 Регионална библиотека "Любен Каравелов" Русе Регионална библиотека "Любен Каравелов" Русе Редки и ценни 2021-09-24 Редки и ценни 3.40 10249-ІІ Рф 880 900000063188 1.74 Книги
  Не е изгубен Universal Decimal Classification Не е повреден само за читалня Специални фондове ( старопечатни, редки и ценни, фонд М. Арнаудов) 854878 Регионална библиотека "Любен Каравелов" Русе Регионална библиотека "Любен Каравелов" Русе Редки и ценни 2021-09-24 Редки и ценни 1.82 13945-ІІ Рф 880 900000063189 0.93 Книги
Vip Innovations Ltd, Rousse, Bulgaria 2025